[Event "HZ Chess Tournament 2023"]
[Site "Vlissingen, Netherlands"]
[Date "2023.08.08"]
[Round "5.6"]
[White "Leenhouts, Koen"]
[Black "De Boer, Eelke"]
[Result "1-0"]
[WhiteElo "2446"]
[BlackElo "2270"]
[PlyCount "159"]

1. d4 d5 2. c4 e6 3. Nc3 Be7 4. cxd5 exd5 5. Bf4 c6 6. e3 Bf5 7. Nge2 Nd7 8.
Ng3 Be6 9. Nh5 Bf8 10. Bg3 Ngf6 11. Bd3 Nxh5 12. Qxh5 Nf6 13. Qe2 Bd6 14. Be5
Bxe5 15. dxe5 Ng4 16. f4 f5 17. O-O-O Qb6 18. Rhe1 O-O-O 19. Na4 Qb4 20. Qc2
Nf2 21. Nc5 Nxd1 22. Rxd1 Bf7 23. Bxf5+ Kb8 24. a3 Qa5 25. e6 Bg6 26. Nd7+ Rxd7
27. exd7 Bxf5 28. Qxf5 Qc7 29. Qf7 Rd8 30. Qxg7 Rxd7 31. Qf6 a5 32. g4 Re7 33.
Rd3 Re4 34. Qf8+ Ka7 35. Qc5+ b6 36. Qf8 Qd7 37. h3 c5 38. Qf5 Qxf5 39. gxf5 d4
40. exd4 cxd4 41. Rf3 Kb7 42. Kd2 Kc6 43. Kd3 Kd5 44. f6 Re6 45. Rg3 Rxf6 46.
Rg5+ Kc6 47. Ke4 d3 48. Rg2 Rh6 49. Kxd3 Rxh3+ 50. Ke4 Kd6 51. Kf5 Ke7 52. Rg7+
Kf8 53. Rb7 Rb3 54. Kf6 Ke8 55. Re7+ Kd8 56. Re2 h5 57. Kg5 Rf3 58. Rh2 Ke7 59.
Rxh5 Rf2 60. Rh7+ Kf8 61. b4 axb4 62. axb4 Rb2 63. Kf6 Kg8 64. Rg7+ Kh8 65. Rg4
Rd2 66. f5 b5 67. Kf7 Rd7+ 68. Ke6 Rd1 69. f6 Kh7 70. Rg5 Kh6 71. Rxb5 Kg6 72.
f7 Re1+ 73. Re5 Rf1 74. b5 Rf6+ 75. Kd7 Kxf7 76. Kc7 Rf1 77. b6 Kf6 78. Rc5 Ke6
79. b7 Rf7+ 80. Kb6 1-0

[Event "HZ Chess Tournament 2023"]
[Site "Vlissingen, Netherlands"]
[Date "2023.08.08"]
[Round "5.7"]
[White "Gijsen, William"]
[Black "Zwirs, Nico"]
[Result "0-1"]
[WhiteElo "2144"]
[BlackElo "2443"]
[PlyCount "74"]

1. e4 e5 2. Nc3 Nf6 3. f4 d5 4. fxe5 Nxe4 5. Qf3 f5 6. d3 Nxc3 7. bxc3 d4 8.
Qg3 Nc6 9. Be2 Be6 10. c4 Qd7 11. Bf3 Nb4 12. Bd1 O-O-O 13. Ne2 h6 14. h4 Rg8
15. h5 Bf7 16. Nf4 Nc6 17. O-O Nxe5 18. Rb1 Bd6 19. Qf2 c5 20. Bf3 Nxf3+ 21.
Qxf3 Rge8 22. a4 Qc6 23. Nd5 Bxd5 24. cxd5 Qd7 25. Qxf5 Qxf5 26. Rxf5 Re1+ 27.
Kf2 Rde8 28. Bf4 Rxb1 29. Bxd6 Rb2 30. Rf7 Rxc2+ 31. Kf1 c4 32. Bf4 cxd3 33. d6
d2 34. Bxd2 Re4 35. Ba5 b6 36. Bb4 d3 37. d7+ Kd8 0-1

[Event "HZ Chess Tournament 2023"]
[Site "Vlissingen, Netherlands"]
[Date "2023.08.08"]
[Round "5.8"]
[White "Maatman, Nick"]
[Black "Voege, Tobias"]
[Result "1-0"]
[WhiteElo "2362"]
[BlackElo "2257"]
[PlyCount "61"]

1. e4 e6 2. d4 d5 3. Nd2 c5 4. Ngf3 Nc6 5. exd5 exd5 6. Bb5 Qe7+ 7. Be2 Qc7 8.
O-O Nf6 9. Re1 cxd4 10. Nb3 Bb4 11. Bd2 Bxd2 12. Qxd2 O-O 13. Nbxd4 Bg4 14. c3
Rac8 15. Rad1 Na5 16. h3 Bd7 17. Bd3 Nc4 18. Qc2 Rfe8 19. Bf5 Bxf5 20. Nxf5 g6
21. Qc1 Qd7 22. Nh6+ Kg7 23. b3 Nd6 24. Ne5 Rxe5 25. Rxe5 Nde4 26. Ng4 Nxg4 27.
Rxe4 Nf6 28. Red4 Qc6 29. c4 b5 30. Qb2 bxc4 31. bxc4 1-0

[Event "HZ Chess Tournament 2023"]
[Site "Vlissingen, Netherlands"]
[Date "2023.08.08"]
[Round "5.9"]
[White "Krasenkow, Michal"]
[Black "Smeets, Kobe"]
[Result "1-0"]
[WhiteElo "2524"]
[BlackElo "2245"]
[PlyCount "67"]

1. d4 d5 2. c4 c6 3. Nf3 Nf6 4. Qb3 dxc4 5. Qxc4 Bf5 6. g3 e6 7. Bg2 Be7 8. O-O
O-O 9. Qb3 Qb6 10. Nbd2 Rd8 11. Nc4 Qa6 12. Bf4 Nd5 13. Bg5 Nd7 14. Bxe7 Nxe7
15. Nd6 Nb6 16. Nxf7 Kxf7 17. e4 Qa4 18. Qxa4 Nxa4 19. exf5 Nxf5 20. Rad1 Rd6
21. g4 Nh6 22. Ng5+ Kg6 23. Ne4 Rd7 24. b3 Nb6 25. Nc5 Re7 26. h3 Rd8 27. Rfe1
Kf7 28. Rd3 Rde8 29. Rf3+ Kg8 30. Rfe3 Kf7 31. Ne4 Rd7 32. Ng5+ Kf6 33. Nxe6
Rde7 34. Nxg7 1-0

[Event "HZ Chess Tournament 2023"]
[Site "Vlissingen, Netherlands"]
[Date "2023.08.08"]
[Round "5.10"]
[White "Van Wely, Loek"]
[Black "Boelhouwer, Collin"]
[Result "1/2-1/2"]
[WhiteElo "2644"]
[BlackElo "2134"]
[PlyCount "186"]

1. Nf3 Nf6 2. c4 e6 3. Nc3 d5 4. d4 Bb4 5. Bg5 h6 6. Bxf6 Qxf6 7. Qb3 c5 8.
cxd5 exd5 9. a3 Bxc3+ 10. Qxc3 c4 11. b3 Be6 12. bxc4 dxc4 13. e4 O-O 14. Be2
Re8 15. O-O Nc6 16. Rad1 Ne7 17. Ne5 Ng6 18. Nxg6 Qxg6 19. d5 Bd7 20. Bf3 Rac8
21. e5 b5 22. d6 Rc5 23. Rfe1 Qe6 24. Qa5 Rxe5 25. Rf1 Rc8 26. Bb7 Rcc5 27.
Qxa7 g5 28. Qa5 c3 29. Rc1 c2 30. Qd2 Re2 31. Qd3 Qc4 32. Qf3 Rf5 33. Qg3 Rd2
34. Qe3 Rxd6 35. Be4 Re6 36. Bxc2 Rxe3 37. Bxf5 Qd4 38. Bxd7 Rb3 39. Bc6 Rb2
40. h3 Qa7 41. Rb1 Rc2 42. Bxb5 Qxa3 43. Rbd1 Qc5 44. Bd3 Rb2 45. Be4 Qe5 46.
Rfe1 Qc5 47. Rf1 Qe5 48. Bf3 Kg7 49. Bh5 Qf5 50. Rde1 Rb7 51. Ra1 Qc5 52. Rfc1
Qd4 53. Rd1 Qc5 54. Rac1 Qa7 55. Rc3 Qa5 56. Rf3 Qe5 57. Bg4 Ra7 58. Rf5 Qc3
59. Kh2 Qc7+ 60. g3 Kg6 61. Rf3 h5 62. Bf5+ Kg7 63. Kg1 Qe5 64. Bd3 Qe6 65. Bf1
Qe4 66. Re3 Qf5 67. Bg2 Qc5 68. Re2 Qc4 69. Re5 f6 70. Re3 Qc5 71. Bf3 Kg6 72.
Be4+ Kg7 73. Red3 Kf7 74. Rd5 Qc3 75. Kg2 Re7 76. Bf5 Qc6 77. Kh2 h4 78. g4
Qc7+ 79. Kg1 Qc3 80. R5d3 Re1+ 81. Rxe1 Qxe1+ 82. Kg2 Qe5 83. Kf3 Qe1 84. Kg2
Qe5 85. Kf1 Qa1+ 86. Ke2 Qb2+ 87. Kf3 Qe5 88. Re3 Qf4+ 89. Ke2 Qc4+ 90. Bd3
Qa2+ 91. Kf3 Qd5+ 92. Be4 Qd1+ 93. Kg2 Qd4 1/2-1/2

[Event "HZ Chess Tournament 2023"]
[Site "Vlissingen, Netherlands"]
[Date "2023.08.08"]
[Round "5.12"]
[White "Van Delft, Merijn"]
[Black "Vandevenne, Sander"]
[Result "1-0"]
[WhiteElo "2369"]
[BlackElo "2125"]
[PlyCount "77"]

1. Nf3 e6 2. g3 b6 3. Bg2 Bb7 4. O-O Nf6 5. c4 c5 6. b3 Be7 7. Bb2 O-O 8. d3 d6
9. Nc3 a6 10. Qc2 Nc6 11. e3 Rc8 12. Rad1 Qc7 13. Qb1 Qb8 14. d4 cxd4 15. exd4
Na5 16. d5 e5 17. Nh4 g6 18. f4 Ng4 19. Rde1 b5 20. Nd1 Rce8 21. h3 Nf6 22. Bc3
Qd8 23. fxe5 dxe5 24. Rxe5 Bd6 25. Rxe8 Nxe8 26. Qd3 Qc7 27. Ne3 bxc4 28. bxc4
Bc8 29. g4 Bc5 30. Kh1 Qe7 31. Nf3 Qxe3 32. Qxe3 Bxe3 33. Bxa5 Bc5 34. Ne5 Nd6
35. Nd3 Nxc4 36. Nxc5 Nxa5 37. d6 Be6 38. Nxe6 fxe6 39. Rc1 1-0

[Event "HZ Chess Tournament 2023"]
[Site "Vlissingen, Netherlands"]
[Date "2023.08.08"]
[Round "5.13"]
[White "De Jong, Migchiel"]
[Black "Emans, Job"]
[Result "1/2-1/2"]
[WhiteElo "2313"]
[BlackElo "2059"]
[PlyCount "67"]

1. e4 e5 2. Nf3 Nc6 3. Bb5 a6 4. Ba4 Nf6 5. O-O Be7 6. d3 b5 7. Bb3 d6 8. a3
Na5 9. Ba2 Be6 10. b4 Bxa2 11. Rxa2 Nc6 12. c4 Nd4 13. Nc3 Nxf3+ 14. Qxf3 c6
15. a4 O-O 16. axb5 axb5 17. Rxa8 Qxa8 18. cxb5 cxb5 19. Bg5 Qa3 20. Bxf6 Bxf6
21. Nd5 Bg5 22. g3 g6 23. h4 Bd8 24. h5 f5 25. hxg6 hxg6 26. Kg2 Kg7 27. Rh1
fxe4 28. Qxe4 Qa2 29. Rf1 Qa7 30. f4 Qa2+ 31. Rf2 Qa1 32. Rf1 Qa2+ 33. Rf2 Qa1
34. Rf1 1/2-1/2

[Event "HZ Chess Tournament 2023"]
[Site "Vlissingen, Netherlands"]
[Date "2023.08.08"]
[Round "5.14"]
[White "Rijnaarts, Sjef"]
[Black "Loef, Dirk"]
[Result "1/2-1/2"]
[WhiteElo "2299"]
[BlackElo "2082"]
[PlyCount "73"]

1. e4 d6 2. d4 Nf6 3. Nc3 g6 4. Be3 Bg7 5. Qd2 c6 6. Nf3 Qa5 7. Bd3 Nbd7 8. Bh6
Bxh6 9. Qxh6 a6 10. O-O Qh5 11. Qd2 O-O 12. Ne2 Kg7 13. c4 c5 14. e5 dxe5 15.
Ng3 Qh6 16. dxe5 Qxd2 17. exf6+ Nxf6 18. Nxd2 Rd8 19. Nb3 Rxd3 20. Nxc5 Rd2 21.
b4 Be6 22. Nxe6+ fxe6 23. Rfe1 Kf7 24. Nf1 Rd4 25. Ne3 b5 26. Rec1 Ng4 27. Nxg4
Rxg4 28. cxb5 Rxb4 29. bxa6 Rxa6 30. Rc2 Rba4 31. g3 Kf6 32. h4 e5 33. Kg2 h6
34. Kf3 Ra3+ 35. Ke2 Kf5 36. Rb2 g5 37. hxg5 1/2-1/2

[Event "HZ Chess Tournament 2023"]
[Site "Vlissingen, Netherlands"]
[Date "2023.08.08"]
[Round "5.15"]
[White "Van Houtte, Randy"]
[Black "Eidelman, Gabriel"]
[Result "1/2-1/2"]
[WhiteElo "2105"]
[BlackElo "2204"]
[PlyCount "41"]

1. c4 e6 2. e4 d5 3. cxd5 exd5 4. exd5 Nf6 5. Bb5+ Nbd7 6. Nc3 Be7 7. Nf3 O-O
8. d4 Nb6 9. h3 Bf5 10. O-O Nfxd5 11. Bd3 Bxd3 12. Qxd3 c6 13. Bd2 Qc7 14. Rfe1
Rad8 15. Ne5 Nb4 16. Qg3 Bd6 17. Ne4 f6 18. Nxd6 Qxd6 19. Qb3+ N4d5 20. Nd3 Rf7
21. Nc5 1/2-1/2

[Event "HZ Chess Tournament 2023"]
[Site "Vlissingen, Netherlands"]
[Date "2023.08.08"]
[Round "5.16"]
[White "Ciolek, Andreas"]
[Black "Van Batenburg, Mees"]
[Result "1/2-1/2"]
[WhiteElo "2273"]
[BlackElo "2080"]
[PlyCount "98"]

1. d4 f5 2. Nf3 Nf6 3. g3 e6 4. Bg2 Be7 5. O-O O-O 6. c4 d6 7. Nc3 Ne4 8. Qc2
Nxc3 9. Qxc3 a5 10. Bd2 Bf6 11. Rfe1 e5 12. dxe5 dxe5 13. Qc1 Nc6 14. Ng5 e4
15. Nh3 Qd4 16. Rb1 Be6 17. b3 a4 18. Bf4 Nb4 19. bxa4 Rxa4 20. a3 Na2 21. Qc2
Nc3 22. Rxb7 Rxa3 23. e3 Qd3 24. Qb2 Ra1 25. Rxa1 Ne2+ 26. Kh1 Bxb2 27. Rxb2
Qc3 28. Rbb1 Bxc4 29. Bf1 Nxf4 30. Rc1 Bxf1 31. Rxc3 Bg2+ 32. Kg1 Ne2+ 33. Kxg2
Nxc3 34. Rc1 Nd5 35. Rc5 Rd8 36. Nf4 Nxf4+ 37. gxf4 c6 38. Rxf5 Rd5 39. Rxd5
cxd5 40. f5 Kf7 41. Kg3 g5 42. fxg6+ Kxg6 43. Kg4 h6 44. h3 Kf6 45. Kh5 Kg7 46.
Kh4 Kf6 47. Kh5 Kg7 48. Kh4 Kf6 49. Kh5 Kg7 1/2-1/2

[Event "HZ Chess Tournament 2023"]
[Site "Vlissingen, Netherlands"]
[Date "2023.08.08"]
[Round "5.17"]
[White "Lacrosse, Marc"]
[Black "Van der Hagen, Loek"]
[Result "1/2-1/2"]
[WhiteElo "2063"]
[BlackElo "2269"]
[PlyCount "75"]

1. d4 Nf6 2. c4 g6 3. Nc3 d5 4. cxd5 Nxd5 5. e4 Nxc3 6. bxc3 Bg7 7. Be3 c5 8.
Rc1 Qa5 9. Qd2 O-O 10. Nf3 Bg4 11. d5 b5 12. Bxc5 Rc8 13. Bb4 Qc7 14. Nd4 a5
15. Ba3 b4 16. Bb2 Qb6 17. c4 Na6 18. Nc6 Rxc6 19. Bxg7 Kxg7 20. dxc6 Nc5 21.
Be2 Rd8 22. Qb2+ Kg8 23. O-O Na4 24. Qc2 Bxe2 25. Qxe2 Nc3 26. Rxc3 bxc3 27.
Qc2 Qxc6 28. Qxc3 a4 29. h3 Rc8 30. Rc1 Qxe4 31. c5 Qc6 32. Qe5 e6 33. h4 h5
34. Qd4 Qb5 35. Qc4 Qc6 36. Qd4 Qb5 37. Qc4 Qc6 38. Qd4 1/2-1/2

[Event "HZ Chess Tournament 2023"]
[Site "Vlissingen, Netherlands"]
[Date "2023.08.08"]
[Round "5.18"]
[White "Elgersma, Onno"]
[Black "Bazilius, Augustinas"]
[Result "1/2-1/2"]
[WhiteElo "2256"]
[BlackElo "2052"]
[PlyCount "70"]

1. e4 c5 2. Nf3 e6 3. g3 Nc6 4. Bg2 Nf6 5. Qe2 e5 6. O-O Be7 7. Nc3 d6 8. Nd5
O-O 9. c3 Be6 10. Ne1 Qd7 11. Nc2 Bh3 12. Nxf6+ Bxf6 13. Ne3 Bxg2 14. Kxg2 g6
15. f4 exf4 16. gxf4 Bg7 17. f5 Rfe8 18. f6 Bf8 19. Nd5 Re5 20. d3 Rae8 21. Qf3
Rh5 22. Bf4 Ne5 23. Bxe5 Rexe5 24. Nf4 Reg5+ 25. Kh1 Rh4 26. Rg1 Rgg4 27. Rxg4
Qxg4 28. Rf1 Bh6 29. Nd5 Qxf3+ 30. Rxf3 c4 31. Kg2 cxd3 32. Rxd3 Rxe4 33. Ne7+
Kf8 34. Rxd6 Ke8 35. Rd3 Re2+ 1/2-1/2

[Event "HZ Chess Tournament 2023"]
[Site "Vlissingen, Netherlands"]
[Date "2023.08.08"]
[Round "5.19"]
[White "Kindt, Manfred"]
[Black "Van der Kaap, Jos"]
[Result "0-1"]
[WhiteElo "2045"]
[BlackElo "2224"]
[PlyCount "80"]

1. e4 e5 2. Nf3 Nc6 3. d4 exd4 4. Bc4 Bb4+ 5. c3 dxc3 6. Nxc3 Bxc3+ 7. bxc3 d6
8. Rb1 Nf6 9. O-O O-O 10. Bd3 Re8 11. Re1 Ne5 12. Nxe5 dxe5 13. h3 b6 14. Qe2
Bb7 15. Ba3 Qc8 16. Rbd1 c5 17. Bc1 h6 18. a4 Qc7 19. Qf3 c4 20. Bc2 Qe7 21.
Qg3 Kh8 22. Kh2 Rad8 23. f3 Bc8 24. Qf2 Rxd1 25. Rxd1 Rd8 26. Rxd8+ Qxd8 27. a5
Qd6 28. Be3 bxa5 29. Bxa7 Be6 30. Bb6 Qa3 31. Qd2 Nh5 32. Bc7 Qa2 33. Qd1 Qa3
34. Qd2 a4 35. f4 exf4 36. Bxf4 Kg8 37. Bd6 Qb2 38. Qf2 a3 39. e5 g6 40. Bxa3
Qxa3 0-1

[Event "HZ Chess Tournament 2023"]
[Site "Vlissingen, Netherlands"]
[Date "2023.08.08"]
[Round "5.20"]
[White "Boeren, Jurriaan"]
[Black "Bezemer, Arno"]
[Result "1/2-1/2"]
[WhiteElo "2039"]
[BlackElo "2223"]
[PlyCount "59"]

1. e4 c5 2. Nf3 a6 3. c3 d5 4. exd5 Qxd5 5. d4 e6 6. Be3 Nf6 7. dxc5 Qxd1+ 8.
Kxd1 Ng4 9. b4 e5 10. Bc4 Nxe3+ 11. fxe3 Nc6 12. Ng5 Bg4+ 13. Ke1 Bh5 14. Rf1
Nd8 15. Nd2 Be7 16. Nge4 Bg6 17. Bd5 Kd7 18. Nc4 Kc7 19. Rc1 f6 20. a4 Nf7 21.
Bxf7 Bxe4 22. Kf2 Rad8 23. a5 Rhf8 24. Be6 f5 25. Rfd1 Rf6 26. Rxd8 Bxd8 27.
Bg8 Rf8 28. Be6 Rf6 29. Bg8 Rf8 30. Be6 1/2-1/2

[Event "HZ Chess Tournament 2023"]
[Site "Vlissingen, Netherlands"]
[Date "2023.08.08"]
[Round "5.21"]
[White "Labruyere, Roger"]
[Black "Bakker, Jouke"]
[Result "1-0"]
[WhiteElo "2207"]
[BlackElo "2051"]
[PlyCount "125"]

1. e4 c5 2. Nf3 e6 3. c3 Nf6 4. e5 Nd5 5. Bc4 d6 6. exd6 Bxd6 7. O-O O-O 8. Bb3
b6 9. d4 Bb7 10. Nbd2 cxd4 11. Nxd4 Bf4 12. Qg4 Qg5 13. Qxg5 Bxg5 14. N2f3 Bxc1
15. Bxd5 Bxd5 16. Raxc1 Nd7 17. c4 Bb7 18. Rfd1 Rfd8 19. Kf1 a6 20. Ke2 Rac8
21. b4 Kf8 22. Rd2 Ke7 23. Rdc2 Rc7 24. a4 Rdc8 25. Nd2 g6 26. f3 f5 27. Kd1
Ne5 28. Ke2 Rd7 29. N2b3 Rdc7 30. c5 Bd5 31. Kd2 Kd7 32. cxb6 Rxc2+ 33. Rxc2
Nc4+ 34. Kc1 Nxb6 35. Nc5+ Kd6 36. a5 Nc4 37. Nxa6 e5 38. Nb5+ Ke7 39. Nac7 Bf7
40. a6 Kd7 41. a7 Nb6 42. Kb1 Bb3 43. Rd2+ Kc6 44. Rd3 Ba4 45. Rc3+ Kd7 46. Nd5
Na8 47. Rxc8 Kxc8 48. Nd6+ Kd7 49. Nc4 Bc6 50. Ncb6+ Nxb6 51. Nxb6+ Kc7 52.
a8=Q Bxa8 53. Nxa8+ Kb7 54. Kc2 Kxa8 55. Kc3 Kb7 56. Kc4 Kc6 57. b5+ Kd6 58. b6
g5 59. b7 Kc7 60. Kd5 e4 61. fxe4 f4 62. h3 h5 63. Ke5 1-0

[Event "HZ Chess Tournament 2023"]
[Site "Vlissingen, Netherlands"]
[Date "2023.08.08"]
[Round "5.22"]
[White "Duijker, Rick"]
[Black "Manshanden, Nick"]
[Result "1-0"]
[WhiteElo "2198"]
[BlackElo "2040"]
[PlyCount "79"]

1. Nf3 Nf6 2. g3 g6 3. b3 Bg7 4. Bb2 O-O 5. Bg2 c5 6. c4 Nc6 7. O-O d6 8. d4
Bf5 9. d5 Nb8 10. Nbd2 a5 11. Nh4 Bd7 12. a4 Na6 13. h3 Qc8 14. Kh2 g5 15. Nhf3
g4 16. Nh4 gxh3 17. Bf3 Ng4+ 18. Bxg4 Bxb2 19. Bxd7 Qxd7 20. Ne4 Bxa1 21. Qxa1
Qg4 22. f3 Qh5 23. Qf6 Rae8 24. Qf4 f5 25. Ng5 Rf6 26. Ne6 Qf7 27. Kxh3 Kh8 28.
Rh1 Rg8 29. Kg2 Rxe6 30. dxe6 Qxe6 31. Kf2 Qf6 32. Nxf5 Rf8 33. g4 e6 34. Qh2
Rf7 35. Nxd6 Rg7 36. Ne4 Qd4+ 37. Kg3 Nb4 38. Qh5 e5 39. Qe8+ Rg8 40. Qf7 1-0

[Event "HZ Chess Tournament 2023"]
[Site "Vlissingen, Netherlands"]
[Date "2023.08.08"]
[Round "5.23"]
[White "Song, Ethan"]
[Black "Provoost, Simon"]
[Result "0-1"]
[WhiteElo "2025"]
[BlackElo "2198"]
[PlyCount "94"]

1. e4 c6 2. Nf3 d5 3. Nc3 dxe4 4. Nxe4 Nf6 5. Nxf6+ exf6 6. d4 Bd6 7. Be2 O-O
8. O-O Re8 9. Be3 Nd7 10. h3 Nf8 11. c4 Ng6 12. d5 c5 13. Re1 b6 14. Qc2 Bc7
15. Bf1 Bd7 16. Rad1 Bd6 17. a3 Qc7 18. Bd2 Nf4 19. Bxf4 Bxf4 20. Nd2 f5 21.
Bd3 g6 22. Nf3 Qd6 23. Qc3 Rxe1+ 24. Rxe1 Re8 25. Bc2 Rxe1+ 26. Qxe1 Qf6 27.
Qb1 Bd6 28. Qc1 Kg7 29. Bd3 h6 30. Qc2 g5 31. Nd2 h5 32. Nf1 Qe5 33. Ng3 h4 34.
Nf1 g4 35. hxg4 fxg4 36. g3 f5 37. gxh4 f4 38. Qd2 Qh5 39. Qe2 Qxh4 40. Qe4 Qh5
41. b3 Kf6 42. Bb1 Be5 43. d6 g3 44. b4 gxf2+ 45. Kxf2 Qh4+ 46. Kg2 Bh3+ 47.
Kg1 Bd4+ 0-1

[Event "HZ Chess Tournament 2023"]
[Site "Vlissingen, Netherlands"]
[Date "2023.08.08"]
[Round "5.24"]
[White "Van der Werf, Joel"]
[Black "Honkoop, Gilian"]
[Result "0-1"]
[WhiteElo "1993"]
[BlackElo "2183"]
[PlyCount "90"]

1. e4 e5 2. Nf3 Nc6 3. Bb5 a6 4. Ba4 Nf6 5. O-O Be7 6. Re1 b5 7. Bb3 d6 8. c3
O-O 9. h3 Bb7 10. d4 Re8 11. Ng5 Rf8 12. Nf3 h6 13. a4 Re8 14. Nbd2 Bf8 15. d5
Ne7 16. Nf1 c6 17. dxc6 Bxc6 18. Ng3 Ng6 19. Bc2 Nf4 20. Bxf4 exf4 21. Nd4 fxg3
22. Nxc6 gxf2+ 23. Kxf2 Qb6+ 24. Nd4 b4 25. a5 Qc5 26. cxb4 Qxb4 27. Kg1 Qxb2
28. Kh1 Qc3 29. Qd3 Rac8 30. Qxc3 Rxc3 31. Ra2 Rec8 32. Kh2 R3c4 33. Rd1 Re8
34. Nf5 Nxe4 35. Bd3 Rc5 36. Re1 Nf6 37. Rxe8 Nxe8 38. Nd4 Nc7 39. Nc2 d5 40.
Nb4 Bd6+ 41. g3 Rc3 42. Nxa6 Rxd3 43. Nxc7 Bxg3+ 44. Kg2 Bxc7 45. a6 Rg3+ 0-1

[Event "HZ Chess Tournament 2023"]
[Site "Vlissingen, Netherlands"]
[Date "2023.08.08"]
[Round "5.25"]
[White "Weber, Dirk"]
[Black "Goudriaan, Rafael"]
[Result "0-1"]
[WhiteElo "2151"]
[BlackElo "1990"]
[PlyCount "130"]

1. Nf3 Nf6 2. b3 g6 3. Bb2 Bg7 4. e3 d5 5. c4 c6 6. Be2 O-O 7. O-O Nbd7 8. d4
Ne4 9. Nc3 Ndf6 10. Nxe4 Nxe4 11. Bd3 Bg4 12. Re1 f5 13. Rc1 f4 14. Rc2 fxe3
15. fxe3 e6 16. Rf1 Bf5 17. Qe1 Nd6 18. Bxf5 exf5 19. cxd5 cxd5 20. Ne5 Ne4 21.
Qe2 Bh6 22. Nd3 Qd7 23. Rfc1 Rfc8 24. Nf4 Nf6 25. Qf3 Rxc2 26. Rxc2 Re8 27. g3
Ne4 28. Qf1 Bxf4 29. Qxf4 Qb5 30. Qf1 Qa5 31. a4 Qb6 32. Qd3 Qe6 33. Ba3 Rc8
34. Rxc8+ Qxc8 35. Qb5 Nf6 36. Qb4 Qe8 37. Bc1 Qc6 38. Ba3 Qe8 39. Bc1 b6 40.
Qd6 Kf7 41. Qc7+ Qe7 42. Qc3 Ng4 43. b4 h5 44. b5 h4 45. h3 Nf6 46. Ba3 Qe6 47.
gxh4 Ke8 48. Kh2 Kd7 49. Qb4 Ne8 50. Qc3 Nf6 51. a5 Ne4 52. Qe1 Qf6 53. axb6
axb6 54. Qc1 Kd8 55. Bb4 Qxh4 56. Be1 Qh5 57. Qc2 Ng5 58. Qg2 Nf3+ 59. Kh1 g5
60. Bf2 Ke8 61. Qg3 Kd7 62. Kg2 Nh4+ 63. Kh2 Qe2 64. Kg1 Qd1+ 65. Kh2 Qf1 0-1

[Event "HZ Chess Tournament 2023"]
[Site "Vlissingen, Netherlands"]
[Date "2023.08.08"]
[Round "5.26"]
[White "Krasenkowa, Elena"]
[Black "Verweij, David"]
[Result "0-1"]
[WhiteElo "2137"]
[BlackElo "1931"]
[PlyCount "90"]

1. d4 Nf6 2. Nc3 d5 3. Bf4 g6 4. e3 Bg7 5. Nb5 Na6 6. Nf3 O-O 7. Be2 Bd7 8. O-O
c6 9. Nc3 Qb6 10. a3 Rac8 11. b4 Nb8 12. h3 Qd8 13. Na4 b6 14. c3 Ne4 15. Rc1
Qe8 16. Qb3 c5 17. b5 c4 18. Qc2 Bxb5 19. Nb2 Bd7 20. Bxb8 Rxb8 21. Bxc4 dxc4
22. Qxe4 Bf5 23. Qf4 Qb5 24. e4 Bxh3 25. gxh3 Qxb2 26. Qe3 Qb5 27. Nd2 Rbc8 28.
Rce1 Qh5 29. f4 e5 30. dxe5 Rfd8 31. Nf3 Rd3 32. Qf2 Qxh3 33. Qg2 Qxg2+ 34.
Kxg2 Rxc3 35. Rd1 Rxa3 36. Rd7 c3 37. Rc1 Bh6 38. Rc2 Bxf4 39. e6 fxe6 40. Nd4
Be5 41. Nf3 Bh8 42. Kf2 b5 43. Rb7 Rb3 44. Rxa7 Rb2 45. Ne1 Bd4+ 0-1

[Event "HZ Chess Tournament 2023"]
[Site "Vlissingen, Netherlands"]
[Date "2023.08.08"]
[Round "5.27"]
[White "Riksen, John"]
[Black "Duson, Robin"]
[Result "0-1"]
[WhiteElo "1981"]
[BlackElo "2140"]
[PlyCount "112"]

1. d4 Nf6 2. c4 e6 3. Nc3 Bb4 4. a3 Bxc3+ 5. bxc3 c5 6. a4 Nc6 7. e3 d6 8. Bd3
b6 9. Qf3 Bb7 10. Qg3 Na5 11. f3 O-O 12. Ne2 Ba6 13. e4 Ne8 14. Nf4 Bxc4 15.
Bxc4 Nxc4 16. Nh5 f5 17. exf5 Rxf5 18. Qg4 Qd7 19. Ng3 Rf7 20. O-O cxd4 21.
cxd4 Nf6 22. Qh4 Nd5 23. Re1 Re8 24. Ne4 h6 25. Qg3 Kh7 26. Qh3 Kg8 27. Qg3 Kh8
28. Qh3 e5 29. Qxd7 Rxd7 30. dxe5 dxe5 31. Rd1 Red8 32. Kf2 Nb4 33. Rxd7 Rxd7
34. Rb1 a5 35. Ke2 Nc2 36. h4 Nd4+ 37. Kf2 Nf5 38. h5 Rd1 39. Ke2 Rh1 40. g4
Nd4+ 41. Kd3 Na3 42. Rxb6 Rxc1 43. Rb8+ Kh7 44. Nd6 Rc7 45. Ke4 Nc4 46. Ne8 Rd7
47. Rc8 Nd2+ 48. Kxe5 N2xf3+ 49. Ke4 Ng5+ 50. Ke3 Nde6 51. Ra8 Rd5 52. Ra7 Kg8
53. Nc7 Nxc7 54. Rxc7 Ne6 55. Ra7 Re5+ 56. Kf3 Nd4+ 0-1

[Event "HZ Chess Tournament 2023"]
[Site "Vlissingen, Netherlands"]
[Date "2023.08.08"]
[Round "5.28"]
[White "Syrov, Arkadi"]
[Black "Westerweele, Henrik"]
[Result "1-0"]
[WhiteElo "2263"]
[BlackElo "1948"]
[PlyCount "105"]

1. e4 e6 2. d4 d5 3. Nc3 Bb4 4. e5 c5 5. Bd2 Ne7 6. a3 Bxc3 7. Bxc3 b6 8. Nf3
Ba6 9. Bxa6 Nxa6 10. Qe2 Nc7 11. Bd2 Qc8 12. Be3 c4 13. a4 h6 14. b3 cxb3 15.
cxb3 Qa6 16. Rc1 Qxe2+ 17. Kxe2 Kd7 18. Rc2 Rhc8 19. Rhc1 Na6 20. Rxc8 Rxc8 21.
Rxc8 Kxc8 22. g4 Kd7 23. Ne1 Nb4 24. Kd2 Nec6 25. h4 Ke8 26. h5 Kf8 27. Ng2 Kg8
28. Nf4 Kf8 29. Kc3 a5 30. Kd2 Kg8 31. Ne2 Kf8 32. Kc1 Na6 33. Kd1 Nc7 34. Nc3
Ne7 35. Kd2 Ke8 36. Kd3 Kd7 37. f3 Ke8 38. Bd2 Kd7 39. Bc1 Ke8 40. Ba3 Nc8 41.
f4 Ne7 42. b4 axb4 43. Bxb4 g6 44. Bd6 Kd7 45. Bxc7 Kxc7 46. Nb5+ Kd7 47. Nd6
gxh5 48. gxh5 Nf5 49. Nxf5 exf5 50. Kc3 Kc7 51. Kb4 Kb8 52. Kb5 Kb7 53. a5 1-0

[Event "HZ Chess Tournament 2023"]
[Site "Vlissingen, Netherlands"]
[Date "2023.08.08"]
[Round "5.29"]
[White "Tiggelman, Rene"]
[Black "Oostvogels, Niek"]
[Result "1-0"]
[WhiteElo "2201"]
[BlackElo "1933"]
[PlyCount "65"]

1. Nf3 d5 2. d4 Nf6 3. c4 e6 4. g3 Nbd7 5. Bg2 Be7 6. O-O O-O 7. Qc2 b6 8. cxd5
exd5 9. Ne5 Nxe5 10. dxe5 Ne4 11. Nc3 Nxc3 12. bxc3 Bb7 13. c4 c6 14. cxd5 cxd5
15. Rd1 Rc8 16. Qb3 Qc7 17. Bxd5 Bxd5 18. Rxd5 Rfd8 19. Bf4 Rxd5 20. Qxd5 Rd8
21. Qb3 g5 22. Re1 Qb8 23. Be3 Qxe5 24. Qa4 Qb8 25. Qc6 Qe5 26. a4 Rd6 27. Qa8+
Rd8 28. Qxa7 Qe4 29. Qc7 Bf6 30. Qxb6 Be7 31. a5 Rd6 32. Qb3 Ra6 33. Qb5 1-0

[Event "HZ Chess Tournament 2023"]
[Site "Vlissingen, Netherlands"]
[Date "2023.08.08"]
[Round "5.30"]
[White "Lommers, Frank"]
[Black "Morssink, Pieter Jan"]
[Result "1-0"]
[WhiteElo "2190"]
[BlackElo "1909"]
[PlyCount "53"]

1. e4 e6 2. d4 d5 3. e5 c5 4. c3 Nc6 5. Nf3 Bd7 6. Be2 f6 7. O-O Qc7 8. Re1
O-O-O 9. Bb5 Be8 10. a4 h6 11. Na3 a6 12. Bxc6 Bxc6 13. dxc5 fxe5 14. Nxe5 Bxc5
15. b4 Bd6 16. f4 Nf6 17. Qd4 Bxa4 18. Be3 Bxe5 19. fxe5 Nd7 20. b5 Bxb5 21.
Nxb5 axb5 22. Ra8+ Nb8 23. Qb4 Qc6 24. Rf1 Kc7 25. Rf7+ Nd7 26. Qa5+ b6 27.
Qa7+ 1-0

[Event "HZ Chess Tournament 2023"]
[Site "Vlissingen, Netherlands"]
[Date "2023.08.08"]
[Round "5.31"]
[White "Nieuwelink, Kees"]
[Black "Koppelaar, Victor"]
[Result "1-0"]
[WhiteElo "2165"]
[BlackElo "1897"]
[PlyCount "47"]

1. f4 e5 2. fxe5 d6 3. exd6 Bxd6 4. Nf3 g5 5. g3 Nc6 6. d4 g4 7. d5 Nb4 8. Nd4
Nxd5 9. Bg2 Ndf6 10. e4 Ne7 11. O-O Ng6 12. Bg5 Be5 13. c3 h6 14. Be3 c6 15.
Na3 Qc7 16. Nc4 Bd7 17. Nf5 Bxf5 18. Rxf5 Qe7 19. Qd2 Qe6 20. Nxe5 Nxe5 21.
Raf1 Nf3+ 22. Bxf3 gxf3 23. Qd4 Ke7 24. Re5 1-0

[Event "HZ Chess Tournament 2023"]
[Site "Vlissingen, Netherlands"]
[Date "2023.08.08"]
[Round "5.32"]
[White "Van Gemert, Rogier"]
[Black "Sparenberg, Erik"]
[Result "1-0"]
[WhiteElo "1913"]
[BlackElo "2128"]
[PlyCount "64"]

1. d4 Nf6 2. Bf4 d5 3. e3 c5 4. dxc5 Nc6 5. Bb5 Bg4 6. f3 Bd7 7. Bxc6 Bxc6 8.
b4 a5 9. c3 b6 10. Qd4 bxc5 11. Qxc5 Qd7 12. Qd4 Nh5 13. Ne2 Nxf4 14. Nxf4 f6
15. Qd2 e5 16. Nd3 Bb5 17. bxa5 d4 18. cxd4 exd4 19. O-O dxe3 20. Qxe3+ Kf7 21.
Rd1 Qc6 22. Nd2 Bd6 23. Rac1 Qa6 24. Nc5 Bxc5 25. Qxc5 Rhe8 26. Ne4 Rxe4 27.
fxe4 Re8 28. Qd5+ Kg6 29. Rc7 Re6 30. Qf5+ Kh6 31. Rd5 Be8 32. Qh3+ Kg6 1-0